000 00522nam a2200205Ia 4500
005 20250508152505.0
008 008 250505s9999 xx 000 0 hin d
037 _aTextual
040 _aFEDL
_beng
_cFEDL
041 _ahin
_2hin
084 _a150, SHA
_qFEDL
100 _aShalya Yash Dev
_9184370
245 0 _aManstatva
260 _aAllahabad, India
_bHindustani Academy
300 _a328p.
365 _aINR
_b8
650 _aPsychology
942 _cTEXL
_h150, SHA
999 _c1336758
_d1336758